|
|
|
|
| LEADER |
01100nam a22002657a 4500 |
| 001 |
40332 |
| 003 |
BD-DhAAL |
| 008 |
230108t2011 bg ||||| |||| 00| 0 ben d |
| 040 |
|
|
|a BD-DhAAL
|c BD-DhAAL
|
| 041 |
|
|
|a ben
|
| 082 |
|
|
|a 320.95492
|2 23
|
| 100 |
|
|
|a হান্নান, শাহ আবদুল
|9 47506
|
| 245 |
|
|
|a অষ্টম কলাম /
|c শাহ আবদুল হান্নান.
|
| 246 |
|
|
|a Ostom column
|
| 260 |
|
|
|a ঢাকা :
|b দি পাইওনিয়ার,
|c ২০১১.
|
| 300 |
|
|
|a ১৯২ পৃষ্ঠা ;
|c ২২ সে.মি.
|
| 541 |
|
|
|a Donated By Akbar Ali Khan
|e 40332
|
| 650 |
|
|
|a Political science.
|
| 651 |
|
|
|a Bangladesh
|x Politics and government.
|
| 651 |
|
|
|a Bangladesh
|x Economic conditions.
|
| 651 |
|
|
|a Bangladesh
|x Social conditions.
|
| 852 |
|
|
|a Ayesha Abed Library
|c Akbar Ali Khan Collection
|
| 942 |
|
|
|2 ddc
|c BK
|
| 999 |
|
|
|c 45410
|d 45410
|
| 952 |
|
|
|0 0
|1 0
|2 ddc
|4 0
|6 320_954920000000000_HAN
|7 1
|9 72801
|a BRACUL
|b BRACUL
|c AAKC
|d 2023-01-08
|e Donated By Akbar Ali Khan
|g 250.00
|l 0
|o 320.95492 HAN
|p 3010040332
|r 2023-01-08
|t 1
|w 2023-01-08
|y BK
|